000 00672nam a22001577a 4500
005 20251108174626.0
008 250721s2008 xx 000 0 ara d
082 1 4 _aم/338.9/لجن
245 1 0 _aالحزمة العريضة من أجل التنمية في منطقة الإسكوا تعزيز النفاذ إلى خدمات المعلومات و الإتصالات في مجتمع المعرفة العالمي /
264 1 _aبيروت :
_bالإسكوا،
_c2008.
300 _a80ص
650 1 7 _aالتنميه الاقتصاديه
650 1 7 _aاللجنه الاقتصاديه و الاجتماعيه لغرب آسيا
942 _2ddc
_cREF
999 _c113874
_d113874